[Event "ZMDI-Open 2013"]
[Site "Dresden"]
[Date "2013.08.16"]
[Round "7"]
[White "Lindner, M."]
[Black "Köpke, P."]
[Result "1/2-1/2"]
[WhiteElo "1548"]
[BlackElo "1341"]
[PlyCount "39"]
[EventDate "2013.??.??"]

1. d4 Nf6 2. c4 b6 3. Nc3 Bb7 4. d5 Na6 5. e4 d6 6. b4 e5 7. Rb1 Be7 8. c5 Nb8
9. Bb5+ c6 10. dxc6 Bxc6 11. Qa4 Bxb5 12. Nxb5 O-O 13. cxd6 Bxd6 14. Qc2 Qe7
15. Nxd6 Qxd6 16. Ne2 Nc6 17. a3 Rac8 18. O-O Nxb4 19. Qa4 Nc6 20. Rd1 1/2-1/2

[Event "ZMDI-Open 2013"]
[Site "Dresden"]
[Date "2013.08.16"]
[Round "7"]
[White "Smagulov, A."]
[Black "Scharff, J."]
[Result "1-0"]
[WhiteElo "1802"]
[BlackElo "1693"]
[PlyCount "109"]
[EventDate "2013.??.??"]

1. d4 f6 2. Bf4 e6 3. Nf3 d5 4. e3 Bd6 5. Bxd6 Qxd6 6. a3 Ne7 7. c4 dxc4 8.
Bxc4 a6 9. Nc3 b5 10. Bd3 Bb7 11. Ne4 Bxe4 12. Bxe4 Ra7 13. Rc1 O-O 14. O-O Nd7
15. Qb3 Kh8 16. Rfd1 f5 17. Bd3 Nd5 18. Rc2 h6 19. Rdc1 Rc8 20. Rc6 Qe7 21.
Bxf5 exf5 22. Qxd5 Nb8 23. Ne5 Kh7 24. R6c5 Rd8 25. Qf3 Rf8 26. g3 Rf6 27. h4
g6 28. h5 g5 29. Ng6 Qf7 30. d5 g4 31. Qf4 Rd6 32. Qe5 Rd8 33. Rxc7 Rxc7 34.
Rxc7 Nd7 35. Qd6 Kg8 36. Ne5 Qf6 37. Qxf6 Nxf6 38. Nf7 Rxd5 39. Nxh6+ Kh8 40.
Nf7+ Kg8 41. h6 Kh7 42. Rc6 Kg6 43. h7 Kxh7 44. Rxf6 Kg7 45. Rxa6 Kxf7 46. Rb6
Ke7 47. Kf1 Kd7 48. Ke2 Kc7 49. Rf6 Kd7 50. f3 Ke7 51. Rg6 gxf3+ 52. Kxf3 Rd2
53. b4 Rd3 54. Rb6 Rxa3 55. Rxb5 1-0

[Event "ZMDI-Open 2013"]
[Site "Dresden"]
[Date "2013.08.16"]
[Round "7"]
[White "Klein, A."]
[Black "Gerling, L."]
[Result "1/2-1/2"]
[WhiteElo "1735"]
[BlackElo "1783"]
[PlyCount "85"]
[EventDate "2013.??.??"]

1. c4 Nf6 2. d4 g6 3. Nc3 Bg7 4. e4 d6 5. Nf3 O-O 6. Be2 e5 7. d5 a5 8. O-O Na6
9. Be3 Nh5 10. Qd2 f5 11. Bh6 f4 12. Bxg7 Kxg7 13. Nb5 Nc5 14. Qc2 Nf6 15. Nc3
h6 16. a3 a4 17. Ne1 g5 18. f3 h5 19. Nd3 Nb3 20. Rad1 Nd4 21. Qd2 g4 22. Ne1
Rg8 23. Nb5 Nxe2+ 24. Qxe2 h4 25. fxg4 Nxg4 26. Rc1 Kh6 27. Kh1 Ne3 28. Rg1 Bg4
29. Qf2 Qe7 30. Nf3 Bxf3 31. gxf3 Kh5 32. Qe2 h3 33. Rxg8 Rxg8 34. Rg1 Rxg1+
35. Kxg1 Qg7+ 36. Kh1 Nxc4 37. Qf1 Qg2+ 38. Qxg2 hxg2+ 39. Kxg2 Nxb2 40. Nxc7
Nc4 41. Nb5 Kh4 42. h3 Kh5 43. Kh2 1/2-1/2

[Event "ZMDI-Open 2013"]
[Site "Dresden"]
[Date "2013.08.16"]
[Round "7"]
[White "Jahn, D."]
[Black "Möller, P."]
[Result "1-0"]
[WhiteElo "1816"]
[BlackElo "1678"]
[PlyCount "111"]
[EventDate "2013.??.??"]

1. b4 e5 2. a3 Nf6 3. Bb2 d6 4. e3 Nc6 5. Be2 Be7 6. b5 Nb8 7. Nf3 Nbd7 8. O-O
O-O 9. c4 b6 10. d3 Bb7 11. Nbd2 Nc5 12. d4 exd4 13. Nxd4 Qc8 14. Bf3 Bxf3 15.
N2xf3 Nfe4 16. Nc6 Bf6 17. Bxf6 Qe6 18. Bb2 Qxc4 19. Qd4 Qxd4 20. exd4 Ne6 21.
Rfe1 f5 22. h3 Rf7 23. Nd2 Nxd2 24. Rxe6 a6 25. bxa6 Nc4 26. Bc3 Rxa6 27. Re8+
Rf8 28. Ne7+ Kf7 29. Rxf8+ Kxf8 30. Nxf5 g6 31. Ne3 Na5 32. Bxa5 Rxa5 33. Nc2
Ke7 34. Nb4 Ra4 35. d5 Kd7 36. f4 Ra8 37. Kf2 Rf8 38. Ke3 Re8+ 39. Kf3 h6 40.
g4 Rf8 41. Re1 Rf6 42. Re4 Rf7 43. Re6 Rg7 44. h4 Rg8 45. Nc6 Rg7 46. a4 Rg8
47. Re7+ Kc8 48. Ke4 Rf8 49. Re6 g5 50. hxg5 hxg5 51. f5 Kd7 52. Re7+ Kc8 53.
Nd4 Kb7 54. Ne6 Rc8 55. f6 Ka6 56. f7 1-0

[Event "ZMDI-Open 2013"]
[Site "Dresden"]
[Date "2013.08.16"]
[Round "7"]
[White "Ast, E."]
[Black "Fahland, M."]
[Result "1-0"]
[WhiteElo "1789"]
[BlackElo "1414"]
[PlyCount "125"]
[EventDate "2013.??.??"]

1. d4 e6 2. Nf3 f5 3. c4 d5 4. Bg5 Nf6 5. e3 c6 6. Nbd2 Bd6 7. Be2 O-O 8. O-O
Nbd7 9. Qb3 b6 10. Rac1 Bb7 11. Rfe1 Qe8 12. Bxf6 Nxf6 13. c5 Bc7 14. cxb6 axb6
15. a3 Qe7 16. Rc2 Rfc8 17. Rec1 Bd8 18. Ne5 c5 19. Ndf3 Rab8 20. Qd3 c4 21.
Qd1 b5 22. Nd2 Qd6 23. Nb1 Bc6 24. Nxc6 Qxc6 25. Nd2 b4 26. axb4 Rxb4 27. b3
Qb7 28. bxc4 Rb2 29. cxd5 Rbxc2 30. Rxc2 Nxd5 31. Bf3 Rb8 32. Rc5 Be7 33. Bxd5
exd5 34. Rc1 Qa6 35. g3 Rb2 36. Rc2 Rb7 37. Qf3 Qe6 38. Qd1 Qa6 39. Nf3 g6 40.
Rc8+ Kg7 41. Qc2 Qb6 42. Kg2 Bf6 43. Qc5 Be7 44. Qxd5 Bf6 45. Qc5 Qxc5 46. Rxc5
Rd7 47. Nd2 Kf7 48. f3 Bg5 49. f4 Bf6 50. Nf3 Ke6 51. Ne5 Rb7 52. Rc6+ Ke7 53.
Rc2 Ke6 54. h4 Kd5 55. Kf3 Bg7 56. Nd3 Bf8 57. h5 gxh5 58. Rh2 h6 59. Rxh5 Ke6
60. Rh2 Kd5 61. Rc2 Rb3 62. Ne5 Rb6 63. Nd7 1-0

[Event "ZMDI-Open 2013"]
[Site "Dresden"]
[Date "2013.08.16"]
[Round "7"]
[White "Schießl, W."]
[Black "Briesemeister, K."]
[Result "1/2-1/2"]
[WhiteElo "1842"]
[BlackElo "1800"]
[PlyCount "46"]
[EventDate "2013.??.??"]

1. e4 c6 2. d4 d5 3. e5 Bf5 4. Nf3 e6 5. Bd3 Ne7 6. Bxf5 Nxf5 7. Nbd2 Be7 8. c3
Nd7 9. Nf1 g5 10. Ne3 h6 11. Nxf5 exf5 12. Qd3 f4 13. Qf5 Nf8 14. O-O Ne6 15.
g3 Rg8 16. Kh1 g4 17. Nh4 Bxh4 18. gxh4 Qxh4 19. Bxf4 Nxf4 20. Qxf4 Qg5 21. Qf6
Rg6 22. Qh8+ Rg8 23. Qf6 Rg6 1/2-1/2

[Event "ZMDI-Open 2013"]
[Site "Dresden"]
[Date "2013.08.16"]
[Round "7"]
[White "Bui, N."]
[Black "Ott, H."]
[Result "1/2-1/2"]
[WhiteElo "1417"]
[BlackElo "1674"]
[PlyCount "36"]
[EventDate "2013.??.??"]

1. e4 c5 2. Nf3 d6 3. d4 cxd4 4. Nxd4 Nf6 5. f3 Bd7 6. c4 Nc6 7. Be3 g6 8. Nc3
Bg7 9. Qd2 a6 10. Be2 Rc8 11. b3 Qa5 12. Rc1 O-O 13. O-O Rfd8 14. Rfd1 e6 15.
Nxc6 Bxc6 16. Bd4 Ne8 17. Qe3 Bxd4 18. Qxd4 Qc5 1/2-1/2

[Event "ZMDI-Open 2013"]
[Site "Dresden"]
[Date "2013.08.16"]
[Round "7"]
[White "Hansch, B."]
[Black "Scholz, R."]
[Result "1/2-1/2"]
[WhiteElo "1577"]
[BlackElo "1109"]
[PlyCount "39"]
[EventDate "2013.??.??"]

1. e4 e5 2. f4 exf4 3. Nf3 Nf6 4. Nc3 c6 5. d4 d5 6. Bd3 Bb4 7. Bxf4 dxe4 8.
Qe2 Qe7 9. O-O exd3 10. Qxe7+ Bxe7 11. Rfe1 Be6 12. cxd3 O-O 13. Ng5 Nbd7 14.
Nxe6 fxe6 15. Rxe6 Rae8 16. Rae1 Rf7 17. Bg5 h6 18. Bxf6 Nxf6 19. Ne4 Ref8 20.
Rxe7 1/2-1/2

[Event "ZMDI-Open 2013"]
[Site "Dresden"]
[Date "2013.08.16"]
[Round "7"]
[White "Kultscher, C."]
[Black "Schüring, L."]
[Result "1/2-1/2"]
[WhiteElo "1046"]
[BlackElo "1256"]
[PlyCount "28"]
[EventDate "2013.??.??"]

1. e4 e6 2. d4 d5 3. e5 c5 4. Nf3 Nc6 5. Bb5 Qb6 6. Nc3 Bd7 7. Be3 f6 8. exf6
Nxf6 9. O-O Bd6 10. Rb1 O-O 11. Re1 c4 12. Bxc6 Qxc6 13. Ne5 Qc7 14. f4 Bc6
1/2-1/2

[Event "ZMDI-Open 2013"]
[Site "Dresden"]
[Date "2013.08.16"]
[Round "7"]
[White "Koch, K."]
[Black "Hofmann, F."]
[Result "0-1"]
[WhiteElo "800"]
[BlackElo "1077"]
[PlyCount "48"]
[EventDate "2013.??.??"]

1. e4 e5 2. Nf3 Nc6 3. Bb5 d6 4. O-O Nf6 5. d3 g6 6. Nc3 Bg7 7. d4 O-O 8. Be3
Nh5 9. Qd2 Qf6 10. Nd5 Qd8 11. Rae1 exd4 12. Nxd4 Nxd4 13. Bxd4 Bxd4 14. Qxd4
c6 15. Nc3 cxb5 16. Nxb5 Qa5 17. Nxd6 Qg5 18. Qe3 Qe5 19. Nc4 Qe6 20. Re2 Qxc4
21. b3 Qa6 22. c4 Re8 23. f3 Qd6 24. Ref2 b6 0-1

[Event "ZMDI-Open 2013"]
[Site "Dresden"]
[Date "2013.08.16"]
[Round "7"]
[White "Knappe, S."]
[Black "Schlegel, H."]
[Result "1-0"]
[WhiteElo "1072"]
[BlackElo "1035"]
[PlyCount "53"]
[EventDate "2013.??.??"]

1. d4 d5 2. Bf4 Bf5 3. Nc3 e6 4. Nb5 Na6 5. e3 c6 6. Nc3 Qb6 7. Bxa6 Qxa6 8. a3
Nf6 9. b4 Rd8 10. Qb1 Qc4 11. Qb2 Ne4 12. Nge2 Bd6 13. O-O Bxf4 14. exf4 Nxc3
15. Nxc3 Qxd4 16. b5 O-O 17. Rad1 Qxf4 18. Ne2 Qg5 19. Ng3 Bg4 20. Rd4 e5 21.
Ra4 Ra8 22. bxc6 bxc6 23. Qb7 Rfd8 24. h3 Bd7 25. Rd1 f5 26. h4 Qxh4 27. Rxh4
1-0